Jawaharlal Nehru: an autobiography (Record no. 26336)

000 -LEADER
fixed length control field 00347nam a2200133Ia 4500
008 - FIXED-LENGTH DATA ELEMENTS--GENERAL INFORMATION
fixed length control field 230413s9999||||xx |||||||||||||| ||und||
020 ## - INTERNATIONAL STANDARD BOOK NUMBER
International Standard Book Number 9780143031048
082 ## - DEWEY DECIMAL CLASSIFICATION NUMBER
Classification number 954.042092
Item number N396
100 ## - MAIN ENTRY--PERSONAL NAME
Personal name Nehru, Jawaharlal
245 #0 - TITLE STATEMENT
Title Jawaharlal Nehru: an autobiography
260 ## - PUBLICATION, DISTRIBUTION, ETC. (IMPRINT)
Place of publication, distribution, etc Gurgaon
Name of publisher, distributor, etc Penguin Books
Date of publication, distribution, etc 2004
300 ## - PHYSICAL DESCRIPTION
Extent xv, 655 p.
942 ## - ADDED ENTRY ELEMENTS (KOHA)
Item type Books
Holdings
Withdrawn status Lost status Damaged status Not for loan Permanent location Current location Date acquired Source of acquisition Total Checkouts Full call number Barcode Date last seen Date last borrowed Koha item type
        IMU Kolkata IMU Kolkata 2023-04-13 Gifted by Shailendra S Kathait (6049) 1 954.042092 N396 G00601 2023-05-31 2023-05-18 Books
Designed and Maintained by IMU-KC Library, Kolkata Campus © Copyright All Rights Reserved

webs counters

Powered by Koha